000 00205 a2200097 4500
001 6006
100 _aWeiss, E A
245 _aProgramming the IBM 1620
260 _a
_bMcGraw-Hill
_c
090 _c4910
_d4910
942 _aNUST-CAE
_cM
_c31279
999 _c241079
_d241079